000 00420nam a2200181Ia 4500
001 16654
005 20260306170325.0
008 260306t2012||||xx |||||||||||||| ||und||
041 _aESP
082 _a349
_bL89
100 _aLorente, Marta
_eAUT
245 0 _aManual de historia del derecho
260 _c2012
300 _a572 páginas :
_c24 cm.
650 _aGEN
654 _aCDE
942 _cLIB
_dJUS
_fJUS
_2ddc
_n
999 _c16654
_d16654